000 00539nam a2200193Ia 4500
008 101110s9999 xx 000 0 und d
041 _aENGLISH
082 _bSR13335
_a658.5
100 _aBatty J.
245 _aIndustrial Administration and Management ( 4th ed. )
365 _b22.13
520 _aCommerce
546 _aENGLISH
630 _aIndustrial Administration and Management ( 4th ed. )
650 _aCommerce
655 _aCommerce
730 _aIndustrial Administration and Management ( 4th ed. )
942 _cBOOK
999 _c807566
_d807563